000 00426pab a2200169 454500
008 180718b2013 xxu||||| |||| 00| 0 eng d
100 _aEccleston, Richard
245 _aThe tax reform agenda in Australia
260 _c2013
300 _ap.103-113.
362 _aJun
650 _aTaxation - Australia
650 _aTaxation
773 _aAustralian Journal of Public Administration
908 _aN
909 _a101294
999 _c101293
_d101293